Remuneration of the inventors in the Slovak employment area

Vynález vytvorený zamestnancom a jeho právo na odmenu. Podmienky, ktoré musí vynález splniť, aby mohol byť patentovateľný. Analýza výpočtu či stanovenia odmeny pre vynálezcu. Porovnanie teórie a praxe tejto problematiky v Slovenskej republike.

Uložené v:
Podrobná bibliografia
Hlavný autor: Uhliar, Miroslav, 1981-
Ďalší autori: Kardoš, Peter
Médium: Kapitola
Jazyk:English
Predmet:
Tagy: Pridať tag
Žiadne tagy, Buďte prvý, kto otaguje tento záznam!

MARC

LEADER 00000nla a2200000 4500
001 0213114
005 20240502083535.1
041 0 |a eng 
044 |a CZ 
245 1 0 |a Remuneration of the inventors in the Slovak employment area  |c Miroslav Uhliar, Peter Kardoš 
520 |a Vynález vytvorený zamestnancom a jeho právo na odmenu. Podmienky, ktoré musí vynález splniť, aby mohol byť patentovateľný. Analýza výpočtu či stanovenia odmeny pre vynálezcu. Porovnanie teórie a praxe tejto problematiky v Slovenskej republike. 
610 2 0 |a majetok nehmotný 
610 2 0 |a vlastníctvo duševné 
610 2 0 |a ochrana informácií 
610 2 0 |a právo patentové 
610 2 0 |a odmeňovanie 
610 2 0 |a patenty 
610 2 0 |a vynálezy 
610 2 0 |a Slovensko 
100 1 |a Uhliar, Miroslav, 1981- 
700 1 |a Kardoš, Peter